| Tag |
First Indicator |
Second Indicator |
Subfields |
| LEADER |
00000cam a2200000 a 4500 |
| 001 |
in00001066613 |
| 005 |
20150929095343.0 |
| 008 |
880209s1987 txu s00010 eng d |
| 035 |
|
|
|a (OCoLC)17452949
|
| 035 |
|
|
|9 AFN4536AM
|
| 040 |
|
|
|a IKM
|c IKM
|d UtOrBLW
|
| 049 |
|
|
|a IKMd
|
| 086 |
|
|
|a H600.4 T312re 1987
|2 txdocs
|
| 099 |
|
9 |
|a H600.4
|a T312re
|a 1987
|
| 110 |
1 |
|
|a Texas.
|b Bureau of Radiation Control.
|
| 245 |
1 |
0 |
|a Texas regulations for the control of laser radiation hazards /
|c Bureau of Radiation Control, Texas Department of Health.
|
| 250 |
|
|
|a Updated Mar. 1987.
|
| 264 |
|
1 |
|a [Austin, Tex.] :
|b The Bureau,
|c 1987.
|
| 300 |
|
|
|a 1 volume (various pagings) :
|b illustrations ;
|c 28 cm.
|
| 336 |
|
|
|a text
|b txt
|2 rdacontent
|
| 337 |
|
|
|a unmediated
|b n
|2 rdamedia
|
| 338 |
|
|
|a volume
|b nc
|2 rdacarrier
|
| 650 |
|
0 |
|a Laser beams.
|
| 650 |
|
0 |
|a Radioactive substances
|x Safety regulations
|z Texas.
|
| 650 |
|
0 |
|a Radioactive substances
|x Law and legislation
|z Texas.
|
| 650 |
|
0 |
|a Radiation
|x Safety regulations
|z Texas.
|
| 999 |
|
|
|a MARS
|
| 999 |
f |
f |
|s e30795f8-81c9-348b-8d46-4f1fd6a84610
|i 29763cdf-9007-3343-a9e0-aefe8784009f
|t 0
|
| 952 |
f |
f |
|p normal
|a Texas A&M University
|b College Station
|c Sterling C. Evans Library
|d Evans: Texas Documents (Annex 5th floor)
|t 0
|e H600.4 T312re 1987
|h Superintendent of Documents classification
|i unmediated -- volume
|m A14815386175
|
| 998 |
f |
f |
|a H600.4 T312re 1987
|t 0
|l Evans: Texas Documents (Annex 5th floor)
|